[Event "Tradewise Gibraltar Chess Festival 2013"]
[Site "Gibraltar ENG"]
[Date "2013.01.28"]
[Round "7.114"]
[White "Kuenitz, Klaus"]
[Black "Henrichsen, Jens"]
[Result "0-1"]
[WhiteElo "1643"]
[BlackElo "1957"]
[PlyCount "34"]
[EventDate "2013.01.22"]
[EventType "swiss"]
[EventRounds "10"]
[EventCountry "ENG"]
[Source "lmi"]
[SourceDate "2013.01.22"]

1. d4 Nf6 2. c4 e6 3. Nf3 b6 4. Bg5 Be7 5. e3 Bb7 6. Be2 Ne4 7. Bxe7 Qxe7 8.
O-O O-O 9. Nbd2 d6 10. Qc2 f5 11. Rac1 c5 12. Bd3 Nxd2 13. Nxd2 Qg5 14. e4 cxd4
15. f3 Nc6 16. exf5 Qe3+ 17. Kh1 Nb4 0-1

[Event "Tradewise Gibraltar Chess Festival 2013"]
[Site "Gibraltar ENG"]
[Date "2013.01.28"]
[Round "7.115"]
[White "Dennis, Nigel W"]
[Black "Candano Gonzalez, Alvaro"]
[Result "0-1"]
[WhiteElo "1904"]
[BlackElo "1717"]
[PlyCount "80"]
[EventDate "2013.01.22"]
[EventType "swiss"]
[EventRounds "10"]
[EventCountry "ENG"]
[Source "lmi"]
[SourceDate "2013.01.22"]

1. e4 c5 2. Nf3 g6 3. d4 cxd4 4. Nxd4 Nc6 5. c4 Nf6 6. Nc3 d6 7. Be2 Nxd4 8.
Qxd4 Bg7 9. O-O O-O 10. Qd1 Be6 11. Be3 Qa5 12. f3 Rfc8 13. Nd5 Bxd5 14. cxd5
Nd7 15. Bd4 Bxd4+ 16. Qxd4 Rc2 17. b4 Qa3 18. Qd3 Rc3 19. Qb5 Nb6 20. Qa5 Qb2
21. Qb5 Rc2 22. Rfb1 Qd4+ 23. Kf1 Rac8 24. Rd1 Qe3 25. Qd3 Qh6 26. Kg1 R8c3 27.
Qd4 Qh4 28. Bd3 Rb2 29. Kh1 Qg5 30. Rg1 Na4 31. b5 Ra3 32. Bf1 b6 33. Qc4 Nc5
34. h3 Qf4 35. Qd4 Rd2 36. Qc4 Rxf3 37. Be2 Rf2 38. Rgf1 Nxe4 39. Kg1 Qe3 40.
Kh2 Qg3+ 0-1

[Event "Tradewise Gibraltar Chess Festival 2013"]
[Site "Gibraltar ENG"]
[Date "2013.01.28"]
[Round "7.116"]
[White "Iglesias Fernandez, Luis"]
[Black "Berggren, Klas"]
[Result "0-1"]
[WhiteElo "1862"]
[BlackElo "1523"]
[PlyCount "74"]
[EventDate "2013.01.22"]
[EventType "swiss"]
[EventRounds "10"]
[EventCountry "ENG"]
[Source "lmi"]
[SourceDate "2013.01.22"]

1. e4 e5 2. Nf3 Nc6 3. Bb5 a6 4. Ba4 Nf6 5. c3 b5 6. Bb3 Be7 7. O-O d6 8. d4
O-O 9. Bg5 Na5 10. dxe5 dxe5 11. Nxe5 Nxb3 12. Qxb3 Qd6 13. Bf4 Qb6 14. Nd2 Bb7
15. Bg5 Rad8 16. Rad1 c5 17. Nef3 c4 18. Nxc4 Qe6 19. Bxf6 Bxf6 20. Ncd2 Qxb3
21. axb3 Rd7 22. e5 Be7 23. Nd4 Rfd8 24. b4 Bxb4 25. e6 fxe6 26. Nxe6 Re8 27.
Nxg7 Rxg7 28. cxb4 Rxg2+ 29. Kh1 Rxf2+ 30. Nf3 Bxf3+ 31. Kg1 Rg2+ 32. Kh1 Rd2+
33. Rxf3 Rxd1+ 34. Kg2 Re2+ 35. Kh3 Rxb2 36. Rf6 Rxb4 37. Rxa6 Rd3+ 0-1

[Event "Tradewise Gibraltar Chess Festival 2013"]
[Site "Gibraltar ENG"]
[Date "2013.01.28"]
[Round "7.118"]
[White "Colompar, Ladislau-Alexandru"]
[Black "Neumanova, Monika"]
[Result "0-1"]
[WhiteElo "1790"]
[BlackElo "1701"]
[PlyCount "80"]
[EventDate "2013.01.22"]
[EventType "swiss"]
[EventRounds "10"]
[EventCountry "ENG"]
[Source "lmi"]
[SourceDate "2013.01.22"]

1. d4 Nf6 2. Nf3 e6 3. e3 d5 4. Bd3 c5 5. b3 Nc6 6. a3 cxd4 7. exd4 Be7 8. O-O
O-O 9. Bb2 a6 10. Qe2 b5 11. Ne5 Qb6 12. Nxc6 Qxc6 13. Nd2 Bb7 14. Rae1 Nd7 15.
f4 Bf6 16. Nf3 Qd6 17. Ne5 Nb8 18. Rf3 g6 19. Rh3 Nc6 20. Qg4 Ne7 21. Qf3 Bg7
22. Qf2 Bc8 23. Qh4 h6 24. Ree3 Kh7 25. g4 f6 26. Bc3 Qxa3 27. Nxg6 Nxg6 28.
Qh5 f5 29. gxf5 exf5 30. Reg3 Rf6 31. Qf3 Qc1+ 32. Kf2 Qxf4 33. Rg1 Rc6 34. Bb2
Bxd4+ 35. Bxd4 Qxd4+ 36. Kf1 Qf4 37. Kf2 Qxf3+ 38. Rxf3 Rf6 39. Rfg3 Be6 40. h4
Rg8 0-1

[Event "Tradewise Gibraltar Chess Festival 2013"]
[Site "Gibraltar ENG"]
[Date "2013.01.28"]
[Round "7.119"]
[White "Scholl, Alois"]
[Black "Garcia Lechugo, Francisco"]
[Result "1-0"]
[WhiteElo "1765"]
[BlackElo "1645"]
[PlyCount "55"]
[EventDate "2013.01.22"]
[EventType "swiss"]
[EventRounds "10"]
[EventCountry "ENG"]
[Source "lmi"]
[SourceDate "2013.01.22"]

1. e4 c6 2. Nf3 Na6 3. d4 d6 4. Nc3 g6 5. a3 Nc7 6. Bd3 Bg7 7. Be3 b5 8. O-O
Nf6 9. h3 Bb7 10. Qd2 d5 11. e5 Ng8 12. Rfe1 a5 13. Rad1 b4 14. axb4 axb4 15.
Ne2 Ba6 16. Qxb4 Bxd3 17. Rxd3 e6 18. Qb7 Ne7 19. Bg5 Rb8 20. Qa7 O-O 21. Qc5
f6 22. exf6 Bxf6 23. Bh6 Rb5 24. Qc3 Rf7 25. Qa3 Nf5 26. Bc1 Qb8 27. Nf4 Be7
28. Qa1 1-0

[Event "Tradewise Gibraltar Chess Festival 2013"]
[Site "Gibraltar ENG"]
[Date "2013.01.28"]
[Round "7.120"]
[White "Tveten, Per"]
[Black "Piovar, Jaroslav"]
[Result "1-0"]
[WhiteElo "1597"]
[BlackElo "1536"]
[PlyCount "77"]
[EventDate "2013.01.22"]
[EventType "swiss"]
[EventRounds "10"]
[EventCountry "ENG"]
[Source "lmi"]
[SourceDate "2013.01.22"]

1. e4 e5 2. Nf3 Nc6 3. Bc4 Bc5 4. d3 Nf6 5. O-O O-O 6. Nc3 d6 7. h3 h6 8. Kh2
Be6 9. Bxe6 fxe6 10. Ne2 Nh5 11. c3 Qe7 12. d4 exd4 13. cxd4 Bb6 14. Be3 Nf6
15. Nh4 Qf7 16. Nc3 Rad8 17. Qd2 Ba5 18. Qc2 Qh5 19. g3 g5 20. e5 gxh4 21. exf6
Rxf6 22. gxh4 Rf5 23. Rg1+ Kf7 24. Rg4 Rg8 25. Rag1 Rxg4 26. Rxg4 a6 27. Ne4
Bb6 28. Ng3 Nxd4 29. Bxd4 Bxd4 30. Qxc7+ Kf6 31. Nxh5+ Ke5 32. Qg7+ Kd5 33.
Qxd4+ Kc6 34. Nf6 Kc7 35. Rg7+ Kc6 36. Ne8 Rd5 37. Rc7+ Kb5 38. Nxd6+ Ka5 39.
Rc5+ 1-0

[Event "Tradewise Gibraltar Chess Festival 2013"]
[Site "Gibraltar ENG"]
[Date "2013.01.29"]
[Round "8.3"]
[White "Georgiev, Kiril"]
[Black "Ivanchuk, Vassily"]
[Result "1/2-1/2"]
[WhiteElo "2643"]
[BlackElo "2758"]
[PlyCount "60"]
[EventDate "2013.01.22"]
[EventType "swiss"]
[EventRounds "10"]
[EventCountry "ENG"]
[Source "lmi"]
[SourceDate "2013.01.22"]

1. d4 Nf6 2. Nf3 g6 3. c4 Bg7 4. g3 c6 5. Bg2 O-O 6. Nc3 d5 7. cxd5 cxd5 8. Ne5
e6 9. O-O Nfd7 10. Nf3 Nc6 11. Bf4 Qb6 12. Na4 Qb5 13. e3 Nb6 14. Nxb6 Qxb6 15.
Qd2 Bd7 16. Rfc1 Rfc8 17. g4 h6 18. h4 Bf8 19. Ne5 Nxe5 20. Bxe5 Bb4 21. Qe2
Be7 22. h5 g5 23. Bf1 a5 24. Qd2 Bb4 25. Qd1 Bd6 26. Bxd6 Qxd6 27. Rxc8+ Rxc8
28. Rc1 Rxc1 29. Qxc1 Kg7 30. Qc3 b6 1/2-1/2

[Event "Tradewise Gibraltar Chess Festival 2013"]
[Site "Gibraltar ENG"]
[Date "2013.01.29"]
[Round "8.4"]
[White "Salgado Lopez, Ivan"]
[Black "Adams, Michael"]
[Result "1/2-1/2"]
[WhiteElo "2606"]
[BlackElo "2725"]
[PlyCount "114"]
[EventDate "2013.01.22"]
[EventType "swiss"]
[EventRounds "10"]
[EventCountry "ENG"]
[Source "lmi"]
[SourceDate "2013.01.22"]

1. e4 e5 2. Nf3 Nc6 3. Bc4 Bc5 4. d3 Nf6 5. O-O O-O 6. Nbd2 d6 7. c3 a6 8. Bb3
Re8 9. h3 h6 10. Re1 Be6 11. Bxe6 Rxe6 12. b4 Ba7 13. a4 d5 14. Qc2 d4 15. Bb2
dxc3 16. Bxc3 Nd4 17. Bxd4 Bxd4 18. Nxd4 Qxd4 19. Nf3 Qd7 20. b5 axb5 21. axb5
Rd8 22. Ra3 Qxb5 23. Qxc7 Red6 24. Ra8 Rxa8 25. Qxd6 Qd7 26. Qb4 Re8 27. Qc3
Rc8 28. Qxe5 Qxd3 29. Qe7 Qd7 30. Qxd7 Nxd7 31. Rd1 Nc5 32. Rd4 Kf8 33. Rb4 Rc7
34. g3 g6 35. Kf1 Ke7 36. Ke2 Rc6 37. Rb5 Kd6 38. Rb4 Ra6 39. Rd4+ Ke7 40. Rc4
Ra2+ 41. Ke3 Ra3+ 42. Ke2 b6 43. h4 h5 44. Rd4 Rb3 45. Rc4 Ra3 46. Rd4 Ra4 47.
Rxa4 Nxa4 48. Ke3 Nb2 49. Ne5 Ke6 50. f4 Na4 51. Kd4 Nc5 52. Nc4 Nd7 53. Ne3
Kd6 54. Nd5 Kc6 55. Ne7+ Kd6 56. Nd5 Kc6 57. Ne7+ Kd6 1/2-1/2

[Event "Tradewise Gibraltar Chess Festival 2013"]
[Site "Gibraltar ENG"]
[Date "2013.01.29"]
[Round "8.6"]
[White "Navara, David"]
[Black "Sandipan, Chanda"]
[Result "1/2-1/2"]
[WhiteElo "2710"]
[BlackElo "2590"]
[PlyCount "62"]
[EventDate "2013.01.22"]
[EventType "swiss"]
[EventRounds "10"]
[EventCountry "ENG"]
[Source "lmi"]
[SourceDate "2013.01.22"]

1. e4 e5 2. Nf3 Nf6 3. Nc3 Nc6 4. d4 exd4 5. Nxd4 Bb4 6. Nxc6 bxc6 7. Bd3 d5 8.
exd5 cxd5 9. O-O O-O 10. h3 c6 11. Qf3 Re8 12. Bf4 Qe7 13. Ne2 Bd6 14. c4 Bxf4
15. Qxf4 Ba6 16. Ng3 Qe5 17. Qxe5 Rxe5 18. Rac1 Rb8 19. Rfd1 Bxc4 20. Bxc4 dxc4
21. Rd2 Rc5 22. b3 h5 23. bxc4 Rb4 24. Rdc2 Ra5 25. Rd1 Raa4 26. Rdc1 g6 27.
Ne2 c5 28. Nf4 Ra3 29. Re1 Raa4 30. Rec1 Ra3 31. Re1 Raa4 1/2-1/2

[Event "Tradewise Gibraltar Chess Festival 2013"]
[Site "Gibraltar ENG"]
[Date "2013.01.29"]
[Round "8.7"]
[White "Shirov, Alexei"]
[Black "Oparin, Grigoriy"]
[Result "1/2-1/2"]
[WhiteElo "2708"]
[BlackElo "2478"]
[PlyCount "56"]
[EventDate "2013.01.22"]
[EventType "swiss"]
[EventRounds "10"]
[EventCountry "ENG"]
[Source "lmi"]
[SourceDate "2013.01.22"]

1. e4 c5 2. Nf3 d6 3. d4 cxd4 4. Nxd4 Nf6 5. Nc3 a6 6. h3 e5 7. Nde2 h5 8. g3
Be7 9. Bg2 b5 10. a4 b4 11. Nd5 Nxd5 12. Qxd5 Ra7 13. Be3 Be6 14. Qd2 Rb7 15.
f4 Qc8 16. f5 Bc4 17. b3 Bxe2 18. Qxe2 Rc7 19. O-O-O Nc6 20. Kb1 O-O 21. Qxh5
Nd4 22. Bxd4 exd4 23. e5 Rxc2 24. Be4 Rc3 25. f6 Rxb3+ 26. Ka2 Ra3+ 27. Kb1
Rb3+ 28. Ka2 Ra3+ 1/2-1/2

[Event "Tradewise Gibraltar Chess Festival 2013"]
[Site "Gibraltar ENG"]
[Date "2013.01.29"]
[Round "8.9"]
[White "Zhao, Xue"]
[Black "Fridman, Daniel"]
[Result "1/2-1/2"]
[WhiteElo "2554"]
[BlackElo "2667"]
[PlyCount "115"]
[EventDate "2013.01.22"]
[EventType "swiss"]
[EventRounds "10"]
[EventCountry "ENG"]
[Source "lmi"]
[SourceDate "2013.01.22"]

1. d4 d5 2. c4 e6 3. Nc3 c6 4. Nf3 Nf6 5. g3 Nbd7 6. Bg2 Be7 7. Qd3 b6 8. O-O
O-O 9. b3 a5 10. Rd1 Ba6 11. e4 b5 12. Qc2 bxc4 13. e5 Ne8 14. h4 h6 15. Be3
Nc7 16. Ne2 cxb3 17. axb3 Bxe2 18. Qxe2 Nb5 19. Nh2 Nc3 20. Qg4 h5 21. Qxh5
Nxd1 22. Rxd1 Qe8 23. Qg4 f5 24. exf6 Bxf6 25. Bh3 Rf7 26. Qxe6 Nf8 27. Qd6 Be7
28. Qe5 Qb8 29. Qxb8 Rxb8 30. Rc1 Rxb3 31. Rxc6 a4 32. Ng4 a3 33. Ra6 Rb5 34.
Kh2 Bb4 35. Bc1 Bc3 36. Bxa3 Bxd4 37. Bf1 Rb6 38. Ra8 Bb2 39. Bg2 Bxa3 40. Bxd5
Bb2 41. Ne3 Rbf6 42. f4 Kh7 43. Bxf7 Rxf7 44. Nc4 Bf6 45. Nd6 Rd7 46. Rxf8 Rxd6
47. Re8 Rd3 48. Kh3 Kg6 49. Kg4 Bc3 50. Re2 Bd4 51. Re6+ Kf7 52. Rd6 Ke7 53.
Rd5 Ke6 54. Rd8 g6 55. h5 gxh5+ 56. Kxh5 Kf5 57. Rf8+ Ke6 58. Rd8 1/2-1/2

[Event "Tradewise Gibraltar Chess Festival 2013"]
[Site "Gibraltar ENG"]
[Date "2013.01.29"]
[Round "8.10"]
[White "Cramling, Pia"]
[Black "Wojtaszek, Radoslaw"]
[Result "1/2-1/2"]
[WhiteElo "2518"]
[BlackElo "2723"]
[PlyCount "98"]
[EventDate "2013.01.22"]
[EventType "swiss"]
[EventRounds "10"]
[EventCountry "ENG"]
[Source "lmi"]
[SourceDate "2013.01.22"]

1. d4 Nf6 2. Nf3 d5 3. c4 e6 4. Nc3 dxc4 5. e3 a6 6. a4 b6 7. Bxc4 Bb7 8. O-O
Bb4 9. Qe2 O-O 10. Rd1 Nbd7 11. Bd3 c5 12. Na2 Ba5 13. e4 Qc7 14. Bg5 h6 15.
Bxf6 Nxf6 16. Rac1 Qe7 17. Rc4 Rfc8 18. Rdc1 cxd4 19. Rxc8+ Rxc8 20. Rxc8+ Bxc8
21. Bxa6 Bxa6 22. Qxa6 Qc5 23. Qd3 Qc6 24. b3 Bc3 25. e5 Nd5 26. Qc4 Qxc4 27.
bxc4 Nf4 28. Nc1 d3 29. Nb3 g5 30. Kf1 g4 31. Nfd2 Bxe5 32. g3 Ne2 33. c5 bxc5
34. a5 Nc3 35. Nxc5 Bc7 36. a6 Nb5 37. Nxd3 Kf8 38. Nc4 f6 39. Kg2 Ke7 40. h3
gxh3+ 41. Kxh3 Bb8 42. Kg4 Ba7 43. Kh5 Nc7 44. Kxh6 Nxa6 45. g4 Nc7 46. g5 fxg5
47. Kxg5 Nd5 48. f4 Be3 49. Nxe3 Nxe3 1/2-1/2

[Event "Tradewise Gibraltar Chess Festival 2013"]
[Site "Gibraltar ENG"]
[Date "2013.01.29"]
[Round "8.12"]
[White "Ehlvest, Jaan"]
[Black "Larino Nieto, David"]
[Result "1-0"]
[WhiteElo "2603"]
[BlackElo "2497"]
[PlyCount "61"]
[EventDate "2013.01.22"]
[EventType "swiss"]
[EventRounds "10"]
[EventCountry "ENG"]
[Source "lmi"]
[SourceDate "2013.01.22"]

1. c4 e6 2. Nf3 d5 3. g3 c5 4. Bg2 Nc6 5. O-O Nf6 6. d4 Be7 7. dxc5 Bxc5 8. a3
dxc4 9. Qa4 O-O 10. Qxc4 Bb6 11. Nc3 e5 12. Rd1 Be6 13. Qh4 Qc8 14. h3 Bb3 15.
Rd6 Ne7 16. Rxb6 axb6 17. Qb4 e4 18. Nd2 Be6 19. Qxe7 e3 20. Nde4 Nxe4 21. Bxe4
exf2+ 22. Kxf2 Bxh3 23. Qh4 Bf5 24. Nd5 Re8 25. Ne7+ Rxe7 26. Qxe7 Bxe4 27.
Qxe4 Qd7 28. Be3 Re8 29. Rd1 Qc8 30. Qxe8+ Qxe8 31. Bxb6 1-0

[Event "Tradewise Gibraltar Chess Festival 2013"]
[Site "Gibraltar ENG"]
[Date "2013.01.29"]
[Round "8.13"]
[White "Muzychuk, Anna"]
[Black "Gunina, Valentina"]
[Result "1-0"]
[WhiteElo "2582"]
[BlackElo "2490"]
[PlyCount "95"]
[EventDate "2013.01.22"]
[EventType "swiss"]
[EventRounds "10"]
[EventCountry "ENG"]
[Source "lmi"]
[SourceDate "2013.01.22"]

1. e4 c6 2. Nc3 d5 3. Nf3 Bg4 4. h3 Bxf3 5. Qxf3 e6 6. d4 dxe4 7. Qxe4 Nf6 8.
Qh4 Nbd7 9. Bd2 Bb4 10. a3 Be7 11. Bd3 e5 12. O-O-O exd4 13. Qxd4 Nc5 14. Qxd8+
Rxd8 15. Bc4 Nfe4 16. Nxe4 Nxe4 17. Be3 Rxd1+ 18. Rxd1 Bc5 19. Re1 Kd7 20. Bxf7
Bxe3+ 21. Rxe3 Nxf2 22. Bh5 g6 23. Bf3 h5 24. Kd2 h4 25. Re1 Re8 26. Rxe8 Kxe8
27. Ke3 Nh1 28. g4 Ng3 29. Kf4 Kf7 30. Kg5 Kg7 31. Kxh4 Nf1 32. Kg5 Nd2 33. Be2
Ne4+ 34. Kf4 Nc5 35. Ke5 Na4 36. b3 Nc3 37. Bf3 a5 38. a4 g5 39. Kd4 Na2 40.
Kc5 Nb4 41. Kb6 Nxc2 42. Kxb7 Kf6 43. Kb6 Ke5 44. Kxa5 Nd4 45. Bd1 Kd6 46. Kb6
Ne6 47. a5 Nf8 48. b4 1-0

[Event "Tradewise Gibraltar Chess Festival 2013"]
[Site "Gibraltar ENG"]
[Date "2013.01.29"]
[Round "8.14"]
[White "Muzychuk, Mariya"]
[Black "Vazquez Igarza, Renier"]
[Result "0-1"]
[WhiteElo "2471"]
[BlackElo "2565"]
[PlyCount "72"]
[EventDate "2013.01.22"]
[EventType "swiss"]
[EventRounds "10"]
[EventCountry "ENG"]
[Source "lmi"]
[SourceDate "2013.01.22"]

1. e4 e5 2. Nf3 Nf6 3. Nxe5 d6 4. Nf3 Nxe4 5. Nc3 Nf6 6. d4 Be7 7. h3 O-O 8.
Bd3 Re8 9. O-O Nbd7 10. Re1 Nf8 11. d5 Ng6 12. Bxg6 hxg6 13. Nd4 Bd7 14. Qd3 c5
15. dxc6 bxc6 16. Bg5 Qb6 17. b3 d5 18. Rad1 Bd6 19. Na4 Qa5 20. Bd2 Qc7 21. c4
Ne4 22. cxd5 cxd5 23. Nc3 Bh2+ 24. Kf1 Qb7 25. Nde2 Rac8 26. Be3 Nxc3 27. Nxc3
Rxc3 28. Qxc3 Bb5+ 29. Rd3 Qa6 30. Red1 Be5 31. Qc2 d4 32. f4 Rc8 33. Qb1 Rc3
34. Ke2 Qc6 35. Kf2 Bxd3 36. Rxd3 dxe3+ 0-1

[Event "Tradewise Gibraltar Chess Festival 2013"]
[Site "Gibraltar ENG"]
[Date "2013.01.29"]
[Round "8.15"]
[White "Felgaer, Ruben"]
[Black "Tania, Sachdev"]
[Result "1-0"]
[WhiteElo "2557"]
[BlackElo "2403"]
[PlyCount "67"]
[EventDate "2013.01.22"]
[EventType "swiss"]
[EventRounds "10"]
[EventCountry "ENG"]
[Source "lmi"]
[SourceDate "2013.01.22"]

1. e4 e5 2. Nf3 Nc6 3. Bc4 Nf6 4. d3 Bc5 5. O-O O-O 6. Nbd2 d5 7. exd5 Nxd5 8.
Re1 Bg4 9. h3 Bh5 10. Ne4 Be7 11. Ng3 Bxf3 12. Qxf3 Nb6 13. Bb3 Bg5 14. c3 a5
15. a3 a4 16. Ba2 Nd7 17. Be3 Bxe3 18. fxe3 Qg5 19. Re2 Nd8 20. Rf1 Ra6 21. Ne4
Qe7 22. d4 g6 23. g4 Kg7 24. Qg2 f6 25. Ref2 Nf7 26. h4 b5 27. h5 Nd6 28. h6+
Kh8 29. Nc5 Nxc5 30. dxc5 Nc4 31. Qb7 Qe6 32. Qxb5 Qxg4+ 33. Rg2 Qe4 34. Qxc4
1-0

[Event "Tradewise Gibraltar Chess Festival 2013"]
[Site "Gibraltar ENG"]
[Date "2013.01.29"]
[Round "8.16"]
[White "Nezad, Husein Aziz"]
[Black "Dzagnidze, Nana"]
[Result "0-1"]
[WhiteElo "2394"]
[BlackElo "2555"]
[PlyCount "50"]
[EventDate "2013.01.22"]
[EventType "swiss"]
[EventRounds "10"]
[EventCountry "ENG"]
[Source "lmi"]
[SourceDate "2013.01.22"]

1. d4 Nf6 2. c4 e6 3. Nc3 Bb4 4. Qc2 O-O 5. a3 Bxc3+ 6. Qxc3 b6 7. Bg5 Ba6 8.
Qf3 Nc6 9. e3 Bb7 10. Qd1 d6 11. Ne2 Ne7 12. Nc3 Ng6 13. h4 h6 14. h5 hxg5 15.
hxg6 fxg6 16. Bd3 g4 17. Bxg6 Bxg2 18. Rh2 Bf3 19. Qd3 d5 20. c5 bxc5 21. dxc5
c6 22. Bh7+ Kf7 23. Qg6+ Ke7 24. Qxg7+ Rf7 25. Qg5 Qb8 0-1

[Event "Tradewise Gibraltar Chess Festival 2013"]
[Site "Gibraltar ENG"]
[Date "2013.01.29"]
[Round "8.17"]
[White "Kjartansson, Gudmundur"]
[Black "Ibarra Jerez, Jose Carlos"]
[Result "0-1"]
[WhiteElo "2408"]
[BlackElo "2538"]
[PlyCount "88"]
[EventDate "2013.01.22"]
[EventType "swiss"]
[EventRounds "10"]
[EventCountry "ENG"]
[Source "lmi"]
[SourceDate "2013.01.22"]

1. d4 Nf6 2. c4 e6 3. Nf3 d5 4. g3 dxc4 5. Bg2 Bd7 6. Ne5 Bc6 7. Nxc6 Nxc6 8.
O-O Qd7 9. e3 O-O-O 10. Qa4 Nd5 11. Qxc4 h5 12. Rd1 h4 13. Qe2 f5 14. Nc3 Nb6
15. a3 Na5 16. b4 Nb3 17. Rb1 Nxc1 18. Rdxc1 Kb8 19. a4 hxg3 20. hxg3 Nd5 21.
a5 g5 22. b5 b6 23. Nxd5 exd5 24. axb6 cxb6 25. Qa2 f4 26. Rc6 fxe3 27. fxe3
Rh6 28. Ra1 Rxc6 29. bxc6 Qc7 30. Kf2 g4 31. Bxd5 Bd6 32. Ke2 Rf8 33. Kd3 Bxg3
34. e4 Rf3+ 35. Kc4 Bf2 36. Qa6 Rh3 37. e5 Qh7 38. Be4 Qf7+ 39. d5 Re3 40. Bd3
Rxe5 41. Qb5 g3 42. Rh1 Rxd5 43. Rh8+ Rd8+ 44. Kb4 Bc5+ 0-1

[Event "Tradewise Gibraltar Chess Festival 2013"]
[Site "Gibraltar ENG"]
[Date "2013.01.29"]
[Round "8.18"]
[White "Bartel, Mateusz"]
[Black "Dolzhikova, Olga"]
[Result "1-0"]
[WhiteElo "2629"]
[BlackElo "2239"]
[PlyCount "72"]
[EventDate "2013.01.22"]
[EventType "swiss"]
[EventRounds "10"]
[EventCountry "ENG"]
[Source "lmi"]
[SourceDate "2013.01.22"]

1. Nf3 Nf6 2. c4 e6 3. g3 a6 4. Bg2 b5 5. Na3 c6 6. b3 d5 7. Bb2 Bd6 8. O-O Qe7
9. Nc2 O-O 10. a4 bxc4 11. bxc4 a5 12. cxd5 cxd5 13. Nfd4 Qd7 14. Nb5 Be7 15.
Ncd4 Bb7 16. Rc1 Nc6 17. Nb3 Qc8 18. d3 Rd8 19. e4 dxe4 20. Bxf6 gxf6 21. Qg4+
Kh8 22. Qxe4 Rd5 23. Qc4 Qd7 24. Bxd5 exd5 25. Qf4 Ne5 26. Rc7 Qh3 27. Rxe7 Ng4
28. Rc1 d4 29. Rxb7 Re8 30. Qxg4 Qxg4 31. Nd6 Qf3 32. Nxd4 Qd5 33. Nxe8 Qxb7
34. Nd6 Qd5 35. Rc8+ Kg7 36. N4f5+ Qxf5 1-0

[Event "Tradewise Gibraltar Chess Festival 2013"]
[Site "Gibraltar ENG"]
[Date "2013.01.29"]
[Round "8.19"]
[White "Sutovsky, Emil"]
[Black "Docx, Stefan"]
[Result "1/2-1/2"]
[WhiteElo "2684"]
[BlackElo "2426"]
[PlyCount "70"]
[EventDate "2013.01.22"]
[EventType "swiss"]
[EventRounds "10"]
[EventCountry "ENG"]
[Source "lmi"]
[SourceDate "2013.01.22"]

1. e4 e5 2. Nf3 Nc6 3. Bb5 a6 4. Ba4 Nf6 5. O-O Be7 6. d3 b5 7. Bb3 d6 8. a4
Bd7 9. Be3 O-O 10. h3 Na5 11. Ba2 c5 12. axb5 axb5 13. Nc3 b4 14. Nd5 Be6 15.
Nxf6+ Bxf6 16. Bxe6 fxe6 17. c3 Qd7 18. cxb4 cxb4 19. d4 exd4 20. Bxd4 Bxd4 21.
Nxd4 Nb7 22. Rxa8 Rxa8 23. f4 Nc5 24. f5 e5 25. Nb5 Rd8 26. f6 d5 27. Qxd5+
Qxd5 28. exd5 Rxd5 29. Nc7 Rd2 30. fxg7 Rxb2 31. Rf5 Kxg7 32. Rxe5 Nd3 33. Re3
Nf4 34. Ne6+ Nxe6 35. Rxe6 Rb1+ 1/2-1/2

[Event "Tradewise Gibraltar Chess Festival 2013"]
[Site "Gibraltar ENG"]
[Date "2013.01.29"]
[Round "8.20"]
[White "Swiercz, Dariusz"]
[Black "Houska, Jovanka"]
[Result "1-0"]
[WhiteElo "2627"]
[BlackElo "2416"]
[PlyCount "77"]
[EventDate "2013.01.22"]
[EventType "swiss"]
[EventRounds "10"]
[EventCountry "ENG"]
[Source "lmi"]
[SourceDate "2013.01.22"]

1. d4 d5 2. c4 c6 3. Nc3 Nf6 4. e3 a6 5. Nf3 b5 6. c5 g6 7. Ne5 Bg7 8. f4 Nfd7
9. Nf3 a5 10. Bd3 O-O 11. O-O Nf6 12. Qc2 Bg4 13. Ne5 Qc8 14. Nxg4 Nxg4 15. h3
Nh6 16. Bd2 Nd7 17. a3 f6 18. f5 gxf5 19. Bxf5 Nxf5 20. Qxf5 e5 21. Rf3 Nb8 22.
Qh5 Qe8 23. Qh4 f5 24. Raf1 Qe6 25. e4 dxe4 26. Nxe4 fxe4 27. Rxf8+ Bxf8 28.
Qg5+ Qg6 29. Qd8 Nd7 30. Qxa8 exd4 31. Qc8 Qe6 32. Bh6 Qxh6 33. Qxd7 Qg7 34.
Qe6+ Kh8 35. Qxe4 h6 36. Qxc6 Qe7 37. b4 axb4 38. axb4 d3 39. Qf6+ 1-0

[Event "Tradewise Gibraltar Chess Festival 2013"]
[Site "Gibraltar ENG"]
[Date "2013.01.29"]
[Round "8.21"]
[White "Jussupow, Artur"]
[Black "Melia, Salome"]
[Result "1/2-1/2"]
[WhiteElo "2611"]
[BlackElo "2403"]
[PlyCount "66"]
[EventDate "2013.01.22"]
[EventType "swiss"]
[EventRounds "10"]
[EventCountry "ENG"]
[Source "lmi"]
[SourceDate "2013.01.22"]

1. Nf3 Nf6 2. c4 e6 3. g3 d5 4. Bg2 Be7 5. O-O O-O 6. b3 b6 7. Bb2 Bb7 8. e3
Nbd7 9. Nc3 Ne4 10. Ne2 c5 11. cxd5 Bxd5 12. d3 Nef6 13. Nf4 Bb7 14. d4 Re8 15.
Rc1 Bf8 16. Qe2 Rc8 17. Rfd1 cxd4 18. Nxd4 Bxg2 19. Nxg2 Rxc1 20. Rxc1 Qa8 21.
Nb5 Rd8 22. Ne1 Nd5 23. e4 N5f6 24. f3 Bc5+ 25. Kg2 Qb7 26. Nd3 a6 27. Nd4 Bf8
28. Qc2 Nc5 29. Ne5 a5 30. a3 Ra8 31. Nb5 Rd8 32. Nd4 Ra8 33. Nb5 Rd8 1/2-1/2

[Event "Tradewise Gibraltar Chess Festival 2013"]
[Site "Gibraltar ENG"]
[Date "2013.01.29"]
[Round "8.22"]
[White "Omar, Noaman"]
[Black "David, Alberto"]
[Result "1-0"]
[WhiteElo "2314"]
[BlackElo "2599"]
[PlyCount "29"]
[EventDate "2013.01.22"]
[EventType "swiss"]
[EventRounds "10"]
[EventCountry "ENG"]
[Source "lmi"]
[SourceDate "2013.01.22"]

1. d4 d6 2. e4 Nf6 3. f3 d5 4. e5 Ng8 5. c4 dxc4 6. Bxc4 e6 7. Ne2 Nd7 8. f4
Ne7 9. Be3 Nb6 10. Bd3 Bd7 11. Nbc3 Bc6 12. O-O Qd7 13. Bf2 h5 14. b4 Nf5 15.
d5 1-0

[Event "Tradewise Gibraltar Chess Festival 2013"]
[Site "Gibraltar ENG"]
[Date "2013.01.29"]
[Round "8.25"]
[White "Cmilyte, Viktorija"]
[Black "Aloma Vidal, Robert"]
[Result "1-0"]
[WhiteElo "2515"]
[BlackElo "2389"]
[PlyCount "85"]
[EventDate "2013.01.22"]
[EventType "swiss"]
[EventRounds "10"]
[EventCountry "ENG"]
[Source "lmi"]
[SourceDate "2013.01.22"]

1. d4 d6 2. Nf3 g6 3. c4 Bg7 4. Nc3 Nd7 5. e4 e5 6. Be2 Ne7 7. h4 f5 8. Ng5 Nf8
9. dxe5 Bxe5 10. Bd2 Ne6 11. Qa4+ Nc6 12. Nxe6 Bxe6 13. f4 Bg7 14. exf5 Bxf5
15. O-O-O O-O 16. c5 Nd4 17. Bc4+ Kh8 18. h5 d5 19. hxg6 Bxg6 20. Be3 Bc2 21.
Bb3 Bxd1 22. Bxd1 b5 23. Qa6 Rf6 24. Qb7 Nc6 25. Qxb5 d4 26. Qd3 Rh6 27. Rxh6
Bxh6 28. Bc2 Qd7 29. Ne2 Rd8 30. Bd2 Bf8 31. b4 a5 32. a3 axb4 33. axb4 Qf7 34.
g4 Be7 35. g5 Qh5 36. Qe4 Qg6 37. f5 Qh5 38. f6 Bxf6 39. Nf4 Qh2 40. gxf6 d3
41. f7 Qg1+ 42. Bd1 Qg7 43. Qe8+ 1-0